000 00279nam a2200121Ia 4500
008 190216s9999||||xx |||||||||||||| ||und||
100 _aSahai I M
245 0 _aModern Office Management
260 _bBpb Publications
_c2003
300 _a397p
650 _aManagement
942 _cBK
999 _c6498
_d6498